000
00209 a2200097 4500
001
59846
100
_a
245
_a
Physics; At a glance
260
_a
London
_b
Manson Publishing
_c
2009
090
_c
36680
_d
36680
942
_a
NUST-CAE
_c
_c
29647
999
_c
294919
_d
294919